| 000 | 01148nam a22002297a 4500 | ||
|---|---|---|---|
| 999 |
_c33449 _d33449 |
||
| 003 | OSt | ||
| 005 | 20240411062540.0 | ||
| 008 | 150408b xxu||||| |||| 00| 0 eng d | ||
| 040 | _cBMC | ||
| 082 | _a658.040722 | ||
| 100 | 1 |
_aMadrid Linares, Gloria Beatriz _934243 |
|
| 245 | 1 | 0 |
_aPropuesta de mejora del costo de transformación para empresa sector plástico, Ternova El Salvador _b: investigación, informe final _cGloria Beatriz Madrid Linares, Jenniffer de los Ángeles Mira Monzón, Yesenia Beatriz Chávez de Paredes |
| 260 |
_aSanta Ana (El Salvador) _bUniversidad Católica de El Salvador _c2022 |
||
| 300 |
_a53 h. _c28 cm _e+1 disco compacto |
||
| 500 | _aPrecede al tít.: Universidad Católica de El Salvador, Escuela de Postgrado | ||
| 502 | _aTrabajo de graduación para optar al grado académico de Maestría en Dirección Estratégica de Empresas | ||
| 650 | 2 | 4 |
_926427 _aGestión de empresas _xEstudio de casos |
| 700 | 1 |
_933426 _aMira Monzón, Jenniffer de los Ángeles |
|
| 700 | 1 |
_934158 _aChávez Barrientos, Yesenia Beatriz |
|
| 710 | 2 |
_aUniversidad Católica de El Salvador _bEscuela de Posgrados _919868 |
|
| 942 |
_2ddc _cTG |
||